000 nam a22 7a 4500
999 _c4068
_d4068
005 20170525090856.0
008 170525b1972 ny ||||| |||| 00| 0 eng d
020 _a0881330396
040 _aAKMAL
082 _a910.92 FAK
090 _a910.92
_bFAK
100 1 _aFakhouri, Hani
_97953
245 1 0 _aKafr el-Elow :
_ban Egyptian village in transition /
_cHani Fakhouri
260 _aNew York,
_bHolt, Rinehart and Winston
_c[1972]
300 _ax, 134 p.
_b illus.
_c24 cm
504 _aBibliography: p. 134.
651 0 _aKafr al ʻIlw, Egypt
_xSocial conditions.
_97954
942 _2ddc
_cBOOK